Planungshandbuch mit 60 Muster-Formularen für Unternehmensplanung, Kontrolle und Prognose
Na minha lista:
| Autor principal: | |
|---|---|
| Formato: | Livro |
| Idioma: | alemão |
| Publicado em: |
Landsberg am Lech
verlag moderne industrie
1987
|
| Edição: | 2. überarb. und erw. Aufl. |
| Assuntos: | |
| Tags: |
Sem tags, seja o primeiro a adicionar uma tag!
|
MARC
| LEADER | 00000nam a2200000 4500 | ||
|---|---|---|---|
| 001 | c124692 | ||
| 005 | 20221123135652.5 | ||
| 020 | |a 3-478-31562-X | ||
| 041 | 0 | |a ger | |
| 044 | |a DE | ||
| 245 | 1 | 0 | |a Planungshandbuch |b mit 60 Muster-Formularen für Unternehmensplanung, Kontrolle und Prognose |c Bernhard Pfeil |
| 250 | |a 2. überarb. und erw. Aufl. | ||
| 264 | 1 | |a Landsberg am Lech |b verlag moderne industrie |c 1987 | |
| 300 | |a 229 s. | ||
| 610 | 2 | 0 | |a plánovanie |
| 610 | 2 | 0 | |a plánovanie podnikové |
| 610 | 2 | 0 | |a plánovanie strategické |
| 610 | 2 | 0 | |a plánovanie finančné |
| 610 | 2 | 0 | |a bilancie |
| 610 | 2 | 0 | |a plánovanie ročné |
| 610 | 2 | 0 | |a kontrola |
| 610 | 2 | 0 | |a prognózy |
| 100 | 1 | |a Pfeil, Bernhard | |